Statistics for Countries Closest to Buenos Aires

Click here to take the quiz!

General Stats

  • This quiz has been taken 96 times
  • The average score is 20 of 21

Answer Stats

Distance (km)Distance (mi)Country% Correct
00Argentina
100%
450280Brazil
100%
1,050652Chile
100%
3,9062,427Ecuador
100%
4,0882,540France / French Guiana
100%
3,9602,460Guyana
100%
798496Paraguay
100%
4428Uruguay
100%
4,0412,511Suriname
99%
3,9732,469Venezuela
99%
1,422884Bolivia
98%
3,5692,218Colombia
98%
2,1441,332Peru
98%
1,837*1,141*United Kingdom / Falkland Islands / Islas Malvinas
98%
4,0922,542United Kingdom / Tristan da Cunha
98%
5,0653147Panama
96%
4,9553,079Trinidad and Tobago
93%
5,2263,247Saint Vincent and the Grenadines
85%
5,1693,212Grenada
84%
5,2653,271Netherlands / Bonaire
83%
5,1753,215Norway / Bouvet Island
50%

Score Distribution

Percentile by Number Answered

Percent of People with Each Score

Your Score History

You have not taken this quiz